00988nam a2200241 a 450000100100000000500170001000800410002704000250006808200210009310000280011424500760014226000660021830000360028449000560032049000190037650000700039550400310046560000530049665000400054965100500058965100540063983000530069300001611920250621074006.0100226s1985 dr ac 001 0bspa d aDO-SdBNPbspacBNPHU a923.27293bM938r1 aRoca Friedham, Frank A.10aPerfil público de Casimiro Nemesio de Moya /cFrank A. Roca Friedham. aSan Pedro de Macorís, República Dominicana :bUCE,c1985. a166 p. :bil., retrs. ;c23 cm.1 aEdiciones de la Universidad Central del Estevv. 581 aHistóricav5 aIncluye referencias bibliográficas y notas al pie de páginas. aBibliografía: p.163-166.14aMOYA Y PIMENTEL, CASIMIRO NEMESIO DE,d1849-1915 4aPolíticoszRepública Dominicana 0aRepública DominicanaxPolítica y gobierno 0aRepública Dominicana --xHistoria --y1844-1930 0aUniversidad Central del Estev58pHistórican5